00561nam a2200193Ia 4500003000400000005001700004008004100021020003000062040001700092082001900109245006500128250001100193260002800204300004100232500001900273650002900292650002300321700002300344IIN20250519113050.0250519s2024 xx ad 001 0 eng d cRs.1750.00a9789356967359 aIINbEnglish a362.10425bKAD1 aIAPSM'S Textbook of Community Medicine/cedited by A M Kadri a3rd ed bJaypeeaNew Delhic2024 axxvii, 1120p.e; 3 plate,bcol. ill. aIncludes Index1 aCommunity Health Nursing1 aCommunity Medicine aKadri, A. M. (ed.)